[Event "World Senior 65+ 2014"]
[Site "Katerini GRE"]
[Date "2014.11.03"]
[Round "10.40"]
[White "Shamis, Mordehay"]
[Black "Korenevski, Oleg"]
[Result "0-1"]
[WhiteElo "1824"]
[BlackElo "1915"]
[WhiteFideId "2808374"]
[BlackFideId "3206386"]
[EventDate "2014.10.24"]

1. e4 e5 2. Nf3 Nc6 3. Bb5 a6 4. Ba4 d6 5. O-O Bd7 6. c3 Nge7 7. Nh4 d5 8. exd5
Nxd5 9. Nf3 Qf6 10. Bxc6 Bxc6 11. Nxe5 O-O-O 12. Nxc6 Qxc6 13. d4 h5 14. Qb3 g5
15. Bxg5 f6 16. Bd2 Rg8 17. f3 Bd6 18. c4 Nf4 19. Bxf4 Bxf4 20. d5 Qc5+ 21. Kh1
Qd6 22. Qd3 Bxh2 23. Qf5+ Kb8 24. Qh3 Be5 25. Nc3 Rg3 26. Qh4 Bxc3 27. bxc3 Rdg8
28. Rf2 Qe5 29. Rc1 Qe3 30. Rcc2 Qe1+ 31. Kh2 Rxg2+ 32. Rxg2 Qxh4+ 33. Kg1 Rxg2+
34. Kxg2 Qxc4 0-1

[Event "World Senior 65+ 2014"]
[Site "Katerini GRE"]
[Date "2014.11.03"]
[Round "10.41"]
[White "Rave, Avraham"]
[Black "Haupt, Joachim"]
[Result "1/2-1/2"]
[WhiteElo "1838"]
[BlackElo "1874"]
[WhiteFideId "2805367"]
[BlackFideId "4698487"]
[EventDate "2014.10.24"]

1. d4 Nf6 2. Nf3 e6 3. e3 c5 4. c3 d5 5. a3 a6 6. Nbd2 Nc6 7. Qc2 cxd4 8. cxd4
Bd7 9. b4 Rc8 10. Qd1 Na7 11. Bb2 a5 12. Ne5 Qb6 13. Nxd7 Nxd7 14. Be2 axb4 15.
axb4 Bxb4 16. O-O O-O 17. Nf3 Nc6 18. Rb1 Qc7 19. Bd3 Bd6 20. e4 dxe4 21. Bxe4
Nf6 22. Bd3 Nb4 23. Rc1 Qd7 24. Bb1 Rxc1 25. Qxc1 Rc8 26. Qg5 Nbd5 27. h3 h6 28.
Qd2 Qb5 29. Rc1 Rc6 30. Ne5 Bxe5 31. dxe5 Nh7 32. Bd3 Qb4 33. Qxb4 Nxb4 34. Rxc6
Nxc6 35. Kf1 Kf8 36. Ba3+ Kg8 37. f4 f6 38. Bc4 Kf7 39. f5 fxe5 40. Bxe6+ Kf6
41. h4 Nd4 42. Bg8 Nxf5 43. Bxh7 Nxh4 44. Be4 b6 45. g4 Kg5 46. Bd6 Kf4 47. Bc6
Nf3 48. Bf8 1/2-1/2

[Event "World Senior 65+ 2014"]
[Site "Katerini GRE"]
[Date "2014.11.03"]
[Round "10.42"]
[White "Zurel, Maxim"]
[Black "Hernandez M., Emilio Gustavo"]
[Result "0-1"]
[WhiteElo "1725"]
[BlackElo "1801"]
[WhiteFideId "816710"]
[BlackFideId "3901475"]
[EventDate "2014.10.24"]

1. e4 c5 2. Nf3 Nc6 3. Bb5 d6 4. O-O Bd7 5. Re1 e5 6. c3 Nf6 7. d4 cxd4 8. cxd4
Qc7 9. Nc3 Be7 10. Bg5 a6 11. Bf1 Qd8 12. d5 Nb8 13. h3 O-O 14. Bd3 Ne8 15. Bxe7
Qxe7 16. Rc1 g6 17. Ne2 a5 18. Qb3 b5 19. Bxb5 Bxb5 20. Qxb5 Nc7 21. Qb6 Nba6
22. Qe3 Nc5 23. Nc3 Rfb8 24. Rc2 Kg7 25. Rec1 N7a6 26. Qe2 Rb4 27. a3 Rb7 28.
Nd2 Rab8 29. Nc4 Nb3 30. Nxa5 Nxa5 31. Qxa6 Nb3 32. Rd1 Nd4 33. Rcd2 Rxb2 34.
Rxb2 Rxb2 35. Rb1 Rc2 36. Qc8 Rxc3 37. Qa6 Rc2 38. a4 Qf6 39. Rf1 Ne2+ 40. Kh1
Nf4 41. Qb6 Qg5 42. Rg1 Qh4 43. Rf1 Rc3 44. f3 Rc2 45. Rg1 Nxh3 0-1

[Event "World Senior 65+ 2014"]
[Site "Katerini GRE"]
[Date "2014.11.03"]
[Round "10.43"]
[White "Mitsakos, Achilleas"]
[Black "Keze, Arnis"]
[Result "0-1"]
[WhiteElo "1584"]
[BlackElo "1684"]
[WhiteFideId "4207726"]
[BlackFideId "4165845"]
[EventDate "2014.10.24"]

1. e4 c5 2. Nf3 d6 3. c3 e6 4. d4 cxd4 5. cxd4 d5 6. e5 Qb6 7. Nc3 Nc6 8. Be2
Nge7 9. O-O Bd7 10. a3 Nf5 11. Na4 Qc7 12. b4 a6 13. Bb2 b5 14. Nc3 Qb6 15. Nb1
Be7 16. Qd3 O-O 17. Nbd2 f6 18. exf6 gxf6 19. Nb3 Rf7 20. Qd2 Kh8 21. Bd3 Rg8
22. Bxf5 exf5 23. Nc5 Bc8 24. Kh1 Rfg7 25. Rg1 Bd6 26. Rae1 Qc7 27. g3 f4 28.
Ne6 Bxe6 29. Rxe6 fxg3 30. fxg3 Bxg3 31. Rxf6 Bh4 32. Rxg7 Bxf6 33. Rxg8+ Kxg8
34. Ne5 Qd6 35. Qe3 Qe6 36. Qg3+ Bg7 37. Qf4 Nxe5 38. dxe5 Qg6 39. Bc1 Qf7 40.
Kg2 Qxf4 41. Bxf4 Kf7 42. Kf3 Ke6 43. Ke3 Bxe5 44. Bxe5 Kxe5 45. h3 d4+ 46. Kd3
Kd5 47. h4 h5 48. Kd2 Ke4 49. Ke2 Kf4 50. Kd3 Kg4 51. Kxd4 Kxh4 52. Kc5 Kg5 53.
Kb6 h4 54. Kxa6 h3 55. Kxb5 h2 56. a4 h1=Q 57. a5 Qb7+ 58. Ka4 Qc6+ 59. Kb3 Qb5
60. Kc3 Kf5 61. Kb3 Ke4 62. Ka3 Kd4 63. Kb3 Kd3 0-1

[Event "World Senior 65+ 2014"]
[Site "Katerini GRE"]
[Date "2014.11.03"]
[Round "10.44"]
[White "Rozewicz, Joseph"]
[Black "Zamahari, Abang Draup"]
[Result "1-0"]
[WhiteElo "1576"]
[BlackElo "1603"]
[WhiteFideId "403318"]
[BlackFideId "5704057"]
[EventDate "2014.10.24"]

1. e4 e5 2. Nf3 Nc6 3. Bb5 d6 4. d4 Bd7 5. d5 Nce7 6. Be2 Ng6 7. Be3 h6 8. h3
Nf6 9. Nc3 Be7 10. Qd2 a6 11. Bd3 Nh5 12. g3 Qc8 13. Bf1 Nf6 14. a3 Nh7 15. g4
Qd8 16. O-O-O Nh4 17. Nxh4 Bxh4 18. f4 exf4 19. Bxf4 Bg5 20. Bxg5 Nxg5 21. Bg2
f6 22. Ne2 b5 23. Nd4 a5 24. Nc6 Bxc6 25. dxc6 Qb8 26. c3 O-O 27. Qd5+ Kh8 28.
h4 Nf7 29. g5 fxg5 30. hxg5 Nxg5 31. Qxg5 b4 32. Rxh6+ Kg8 33. Qd5+ Rf7 34. Rh8+
Kxh8 35. Qxf7 Qg8 36. Rh1+ Qh7 37. Rxh7+ Kxh7 38. Qxc7 bxc3 39. bxc3 Rf8 40.
Qxd6 1-0

[Event "World Senior 65+ 2014"]
[Site "Katerini GRE"]
[Date "2014.11.03"]
[Round "10.45"]
[White "Tobar Salas, Juan Carlos"]
[Black "Filzmaier, Bruno"]
[Result "1-0"]
[WhiteElo "1538"]
[BlackElo "1846"]
[WhiteFideId "3416682"]
[BlackFideId "1607685"]
[EventDate "2014.10.24"]

1. d4 e6 2. Nf3 d5 3. Bf4 Nf6 4. e3 Nbd7 5. Bd3 b6 6. Nbd2 Bb7 7. h3 c5 8. c3
Be7 9. Bh2 Ne4 10. Ne5 O-O 11. Qc2 f5 12. O-O Ndf6 13. f3 Nxd2 14. Qxd2 c4 15.
Bc2 b5 16. a3 Nd7 17. g4 g6 18. Qg2 Nxe5 19. Bxe5 a5 20. Rae1 Qd7 21. g5 Rf7 22.
h4 Bf8 23. Kf2 Bg7 24. Bg3 Re8 25. f4 h5 26. gxh6 Bxh6 27. Rh1 Rg7 28. Reg1 Kf7
29. Qf3 Reg8 30. h5 g5 31. fxg5 Rxg5 32. Bf4 Rxg1 33. Rxg1 Rxg1 34. Kxg1 Bxf4
35. Qxf4 Kg8 36. Kf2 Kh7 37. Bd1 Bc6 38. Kg3 Qe7 39. Qh4 Qc7+ 40. Qf4 Qg7+ 41.
Kf2 Be8 42. Qg3 Qe7 43. Kg2 Kh6 44. Qe5 Kh7 45. Kh3 Bf7 46. Qf4 a4 47. Qh4 Qxh4+
48. Kxh4 Kh6 49. Kg3 Bxh5 50. Bxh5 Kxh5 51. Kf4 Kg6 52. Ke5 Kf7 53. Kd6 Kf6 54.
Kc5 f4 55. exf4 Kf5 56. Kxb5 Kxf4 57. Kxa4 e5 58. dxe5 Kxe5 59. Kb4 Kd6 60. Kb5 1-0

[Event "World Senior 65+ 2014"]
[Site "Katerini GRE"]
[Date "2014.11.04"]
[Round "11.2"]
[White "Van Riemsdijk, Herman C."]
[Black "Zakharov, Alexander"]
[Result "1-0"]
[WhiteTitle "IM"]
[BlackTitle "IM"]
[WhiteElo "2339"]
[BlackElo "2331"]
[WhiteFideId "2100053"]
[BlackFideId "4103564"]
[EventDate "2014.10.24"]

1. e4 c5 2. Nf3 e6 3. d4 cxd4 4. Nxd4 Nc6 5. Nc3 Qc7 6. Nxc6 bxc6 7. Bd3 Nf6 8.
O-O d5 9. Qf3 Be7 10. Re1 O-O 11. e5 Nd7 12. Bf4 Nc5 13. Bxh7+ Kxh7 14. Qh5+ Kg8
15. Re3 f5 16. Rg3 Bd8 17. Re1 d4 18. Ne2 Qf7 19. Rg6 Bd7 20. Bh6 Be8 21. Bxg7
Qxg7 22. Rxg7+ Kxg7 23. Qf3 Ba5 24. Rd1 d3 25. cxd3 Rd8 26. Nf4 Kf7 27. a3 Bb6
28. b4 Nb3 29. a4 Rh8 30. Qg3 Nd4 31. Qg6+ Kf8 32. Qf6+ Kg8 33. a5 Bc7 34. Nxe6
Nxe6 35. Qxe6+ Bf7 36. Qe7 Rc8 37. Qd7 Kg7 38. e6 Bxh2+ 39. Kf1 Rcf8 40. g3 f4
41. gxf4 Bxf4 42. Ke2 Kf6 43. exf7 Rxf7 44. Qxc6+ Ke7 45. Rg1 Re8 46. Kd1 Be5
47. Re1 1-0

[Event "World Senior 65+ 2014"]
[Site "Katerini GRE"]
[Date "2014.11.04"]
[Round "11.3"]
[White "Wahlbom, Magnus"]
[Black "Vaisser, Anatoly"]
[Result "0-1"]
[BlackTitle "GM"]
[WhiteElo "2283"]
[BlackElo "2531"]
[WhiteFideId "1700685"]
[BlackFideId "603252"]
[EventDate "2014.10.24"]

1. e4 c5 2. Nf3 Nc6 3. d4 cxd4 4. Nxd4 e5 5. Nb5 d6 6. c4 Be7 7. N1c3 a6 8. Na3
Be6 9. Bd3 Bg5 10. O-O Bxc1 11. Rxc1 Qg5 12. Nd5 Rc8 13. Kh1 Nge7 14. Nc2 Ng6
15. Nce3 O-O 16. Bb1 Nd4 17. g3 Bxd5 18. Nxd5 Qd8 19. Qg4 Ne7 20. Ne3 Qb6 21. b3
Qc6 22. f3 Qc5 23. Nf5 Ndxf5 24. exf5 f6 25. Qe4 d5 26. Qe1 d4 27. b4 Qd6 28.
Bd3 b6 29. Rf2 Rc7 30. Rfc2 Qd7 31. g4 g6 32. Qe4 Kg7 33. c5 b5 34. a4 gxf5 35.
gxf5 Nd5 36. axb5 axb5 37. Bxb5 Qxb5 38. Qxd5 Qxb4 39. Rg2+ Kh8 40. Rcg1 Qb8 41.
f4 Qd8 42. Qf3 Qa8 43. Qxa8 Rxa8 44. fxe5 fxe5 45. f6 d3 46. Rd2 Rd8 47. Re1
Rxc5 48. Re3 Rcd5 49. f7 Kg7 0-1

[Event "World Senior 65+ 2014"]
[Site "Katerini GRE"]
[Date "2014.11.04"]
[Round "11.4"]
[White "Zhelnin, Vladimir V"]
[Black "Lederman, Leon"]
[Result "1/2-1/2"]
[WhiteTitle "IM"]
[BlackTitle "IM"]
[WhiteElo "2471"]
[BlackElo "2233"]
[WhiteFideId "4105567"]
[BlackFideId "2800403"]
[EventDate "2014.10.24"]

1. e4 c5 2. Nf3 d6 3. d4 cxd4 4. Nxd4 Nf6 5. Nc3 a6 6. Be3 e5 7. Nb3 Be6 8. Qd2
Nbd7 9. f3 Rc8 10. g4 Nb6 11. O-O-O Nc4 12. Bxc4 Rxc4 13. Bc5 h5 14. g5 Nd7 15.
Bxd6 Bxd6 16. Qxd6 Qxg5+ 17. Kb1 Qe7 18. Na5 Qxd6 19. Rxd6 Rc7 20. Nd5 Bxd5 21.
Rxd5 Rh6 22. Rhd1 Rf6 23. R1d3 Rf4 24. b3 f6 25. Nc4 Nc5 26. Nd6+ Kf8 27. Rc3 b6
28. Re3 g6 29. Nc4 b5 30. Nb2 Rh4 31. Rd2 Rd7 32. Rf2 Ke7 33. c3 Ke6 34. Kc2 Rc7
35. Rd2 Rh3 36. Nd3 Nxd3 37. Rexd3 Rc6 38. Kd1 f5 39. exf5+ Kxf5 40. Re2 g5 41.
Rde3 Re6 42. Kd2 Rh4 43. Rd3 Rf4 44. Ree3 Rh4 45. Re2 Rf4 46. Ree3 Rh4 47. Re2 1/2-1/2

[Event "World Senior 65+ 2014"]
[Site "Katerini GRE"]
[Date "2014.11.04"]
[Round "11.5"]
[White "Malisov, Boris"]
[Black "Rooze, Jan"]
[Result "0-1"]
[BlackTitle "IM"]
[WhiteElo "2250"]
[BlackElo "2341"]
[WhiteFideId "2802503"]
[BlackFideId "200050"]
[EventDate "2014.10.24"]

1. d4 Nf6 2. Nf3 e6 3. c4 Bb4+ 4. Bd2 c5 5. Bxb4 cxb4 6. g3 O-O 7. Bg2 d6 8. O-O
a5 9. Nbd2 Nc6 10. Rc1 Qe7 11. e4 e5 12. d5 Nb8 13. Ne1 Na6 14. Nd3 Nd7 15. Qe2
Ndc5 16. Nxc5 Nxc5 17. Rfe1 Bd7 18. Qe3 Rac8 19. a3 bxa3 20. bxa3 a4 21. Bf1
Rce8 22. f4 exf4 23. gxf4 f6 24. Qg3 Qd8 25. Kh1 Rf7 26. e5 fxe5 27. fxe5 Rxe5
28. Rxe5 dxe5 29. Qxe5 Qh4 30. Re1 Rf8 31. Qg3 Qf6 32. Bg2 Bf5 33. Qe5 Qh4 34.
d6 Nd3 35. Rf1 Nxe5 0-1

[Event "World Senior 65+ 2014"]
[Site "Katerini GRE"]
[Date "2014.11.04"]
[Round "11.6"]
[White "Vasiukov, Evgeni"]
[Black "Pritchett, Craig W"]
[Result "0-1"]
[WhiteTitle "GM"]
[BlackTitle "IM"]
[WhiteElo "2448"]
[BlackElo "2315"]
[WhiteFideId "4100522"]
[BlackFideId "2400065"]
[EventDate "2014.10.24"]

1. e4 c5 2. Nf3 e6 3. Nc3 a6 4. d4 cxd4 5. Nxd4 Nc6 6. g3 d6 7. Bg2 Bd7 8. O-O
Be7 9. Nb3 Nf6 10. a4 Na5 11. Nd4 Qc7 12. g4 h6 13. h3 g5 14. Re1 Nc4 15. b3 Ne5
16. Bb2 h5 17. gxh5 Nxh5 18. Re3 Nf4 19. Nce2 Rh4 20. Qd2 Nxg2 21. Kxg2 b6 22.
f3 Qb7 23. c4 O-O-O 24. Ng1 Ng6 25. Nde2 Nf4+ 26. Nxf4 gxf4 27. Rd3 Rg8+ 28. Kf2
e5 29. Rf1 Rxh3 30. Ke1 Rh1 31. Rxd6 Bh4+ 32. Kd1 Rgxg1 33. Rxg1 Rxg1+ 34. Kc2
Bh3 35. Qc3 Rg2+ 36. Kb1 Be7 37. Rh6 Qd7 38. Qxe5 Rg1+ 39. Ka2 Bd8 40. Qxf4 Be6
41. Rh8 Kb7 42. e5 Rd1 43. Qe4+ Ka7 44. Bc3 a5 45. Kb2 Qd3 46. Qxd3 Rxd3 47. f4
Be7 48. Rh7 Rf3 49. Bd2 Rf2 50. Kc1 Kb7 51. Rg7 Bb4 52. Be3 Rf3 0-1

[Event "World Senior 65+ 2014"]
[Site "Katerini GRE"]
[Date "2014.11.04"]
[Round "11.7"]
[White "Klundt, Klaus"]
[Black "Kolbak, Jens"]
[Result "1/2-1/2"]
[WhiteTitle "IM"]
[WhiteElo "2325"]
[BlackElo "2232"]
[WhiteFideId "4600436"]
[BlackFideId "1400339"]
[EventDate "2014.10.24"]

1. e4 e5 2. Nf3 Nc6 3. Bb5 Bc5 4. O-O Nd4 5. Nxd4 Bxd4 6. c3 Bb6 7. d4 c6 8. Bc4
d6 9. dxe5 dxe5 10. Qh5 Qe7 11. Bg5 Nf6 12. Qh4 Be6 13. Nd2 O-O-O 14. Rfd1 1/2-1/2

[Event "World Senior 65+ 2014"]
[Site "Katerini GRE"]
[Date "2014.11.04"]
[Round "11.8"]
[White "Filipenko, Alexander V"]
[Black "Gergel, Vladimir P"]
[Result "1-0"]
[WhiteTitle "IM"]
[BlackTitle "FM"]
[WhiteElo "2292"]
[BlackElo "2202"]
[WhiteFideId "4104471"]
[BlackFideId "14100550"]
[EventDate "2014.10.24"]

1. e4 c5 2. Nf3 e6 3. d4 cxd4 4. Nxd4 Nc6 5. Nc3 Qc7 6. f4 a6 7. Nxc6 Qxc6 8.
Bd3 b5 9. Qe2 Bb7 10. Bd2 Ne7 11. a3 Ng6 12. h4 b4 13. axb4 Bxb4 14. h5 Ne7 15.
O-O-O Rb8 16. g4 Qb6 17. Be3 Qa5 18. Bd4 O-O 19. h6 g6 20. Nb1 Nc6 21. Bg7 Rfe8
22. c3 Be7 23. Bc2 Qa2 24. b4 d6 25. Rd2 e5 26. Bd1 Qe6 27. f5 Qc8 28. Bb3 Nd4
29. Rxd4 exd4 30. Bxd4 d5 31. fxg6 Bg5+ 32. Kb2 fxg6 33. Qg2 Rf8 34. exd5 Bf6
35. Rd1 Bxd4 36. Rxd4 Qd7 37. Nd2 a5 38. Ne4 axb4 39. cxb4 Kh8 40. Qg3 Rbe8 41.
Qc3 Qe7 42. d6 Qe5 1-0

[Event "World Senior 65+ 2014"]
[Site "Katerini GRE"]
[Date "2014.11.04"]
[Round "11.9"]
[White "Skalkotas, Nikolaos"]
[Black "Suba, Mihai"]
[Result "0-1"]
[WhiteTitle "IM"]
[BlackTitle "GM"]
[WhiteElo "2150"]
[BlackElo "2341"]
[WhiteFideId "4200144"]
[BlackFideId "1203363"]
[EventDate "2014.10.24"]

1. Nf3 c5 2. c4 Nf6 3. g3 b6 4. Bg2 Bb7 5. O-O e6 6. Nc3 Be7 7. b3 O-O 8. Bb2 a6
9. d4 cxd4 10. Nxd4 Bxg2 11. Kxg2 Qc7 12. e3 Nc6 13. Nxc6 Qxc6+ 14. Qf3 Rfc8 15.
a4 Rab8 16. Rfd1 d6 17. Rab1 Kf8 18. h3 Nd7 19. Qxc6 Rxc6 20. Ne2 Rc7 21. Ba3
Nc5 22. Nc3 f5 23. g4 g6 24. f4 Kf7 25. g5 h6 26. h4 Rh8 27. Bxc5 bxc5 28. e4
Rb7 29. Rd3 hxg5 30. hxg5 Rh4 31. exf5 gxf5 32. Ne2 e5 33. Rh1 Rg4+ 34. Rg3
Rxg3+ 35. Nxg3 exf4 36. Nxf5 Kg6 37. Nxe7+ Rxe7 38. Kf3 Kxg5 39. Rd1 Re3+ 40.
Kf2 Rxb3 41. Rxd6 Rb4 42. Rxa6 Rxc4 43. Ra8 Rc2+ 44. Kf3 Rc3+ 45. Kf2 Kg4 46.
Rg8+ Kf5 47. Re8 Rc4 48. Rc8 Ke4 49. a5 Rc2+ 50. Ke1 Ke3 51. Re8+ Kf3 52. Rc8 c4
53. a6 Ra2 54. Rxc4 Ra1+ 55. Kd2 Rxa6 56. Ke1 Ra1+ 57. Kd2 Kg3 58. Rc7 f3 59.
Rg7+ Kf2 60. Rg8 Ra7 61. Rd8 Re7 62. Rd6 Kg2 63. Rg6+ Kf1 64. Rf6 f2 65. Rd6 Rg7 0-1

[Event "World Senior 65+ 2014"]
[Site "Katerini GRE"]
[Date "2014.11.04"]
[Round "11.10"]
[White "Pushkov, Nikolai"]
[Black "Serra Olives, Tomas"]
[Result "1-0"]
[WhiteTitle "GM"]
[BlackTitle "FM"]
[WhiteElo "2306"]
[BlackElo "2156"]
[WhiteFideId "4117131"]
[BlackFideId "2203774"]
[EventDate "2014.10.24"]

1. Nf3 Nf6 2. c4 g6 3. Nc3 Bg7 4. e4 d6 5. d4 O-O 6. Be2 e5 7. O-O exd4 8. Nxd4
Re8 9. f3 Nc6 10. Be3 Nxd4 11. Bxd4 Be6 12. Qd2 c6 13. Rad1 Qc7 14. g4 Rad8 15.
Qf4 Qe7 16. Rfe1 a6 17. Bf1 h6 18. Nd5 cxd5 19. exd5 g5 20. Qd2 Qf8 21. dxe6
Rxe6 22. Rxe6 fxe6 23. Qe3 Qe8 24. Bd3 e5 25. Bb6 Rc8 26. Bf5 Rc6 27. b3 Qe7 28.
a4 Nd7 29. Ba5 Nc5 30. Bc2 Rc8 31. Qd2 Rf8 32. b4 Ne6 33. Qe3 Nf4 34. Be4 Rc8
35. c5 dxc5 36. Bf5 Rc6 37. Rd7 Qf6 38. bxc5 Bf8 39. Qb3+ Ne6 40. Bb6 Be7 41.
Rxb7 Kg7 42. Qd5 Nd4 43. Bd8 1-0

[Event "World Senior 65+ 2014"]
[Site "Katerini GRE"]
[Date "2014.11.04"]
[Round "11.11"]
[White "Peretz, Malkiel"]
[Black "Frumson, Yury"]
[Result "1-0"]
[WhiteTitle "FM"]
[BlackTitle "FM"]
[WhiteElo "2240"]
[BlackElo "2179"]
[WhiteFideId "2800446"]
[BlackFideId "4116402"]
[EventDate "2014.10.24"]

1. e4 e5 2. Nf3 Nc6 3. d4 exd4 4. Bc4 Be7 5. Nxd4 d6 6. O-O Nf6 7. Nxc6 bxc6 8.
Nc3 O-O 9. Qe2 Nd7 10. f4 Bf6 11. Be3 Re8 12. Qf3 Rb8 13. Bb3 Ba6 14. Rfe1 Bxc3
15. bxc3 Nb6 16. a4 c5 17. a5 Nc8 18. Rad1 Bb7 19. Bxc5 Qe7 20. Bd4 c5 21. Bf2
Bxe4 22. Qg3 Rxb3 23. cxb3 f5 24. b4 c4 25. Bd4 a6 26. Qf2 Qb7 27. Qg3 Re6 28.
Qf2 Rg6 29. g3 Re6 30. Qa2 d5 31. Bc5 Na7 32. Bxa7 Qxa7+ 33. Qf2 Qb7 34. Qc5 Rc6
35. Qd4 Rd6 36. Qe5 Qd7 37. Rd2 Re6 38. Qd4 Rd6 39. Kf2 Qc6 40. Rb2 Rh6 41. h4
Qe8 42. Qxd5+ 1-0

[Event "World Senior 65+ 2014"]
[Site "Katerini GRE"]
[Date "2014.11.04"]
[Round "11.12"]
[White "Harding, Tim D"]
[Black "Singer, Hans"]
[Result "1/2-1/2"]
[BlackTitle "FM"]
[WhiteElo "2095"]
[BlackElo "2207"]
[WhiteFideId "2500256"]
[BlackFideId "1600800"]
[EventDate "2014.10.24"]

1. e4 e5 2. Nf3 Nc6 3. d4 exd4 4. Nxd4 Qf6 5. Nxc6 Bc5 6. Qf3 Qxf3 7. gxf3 bxc6
8. Nd2 d6 9. Nb3 Bb6 10. Rg1 Kf8 11. Be3 Ne7 12. O-O-O Ng6 13. Be2 1/2-1/2

[Event "World Senior 65+ 2014"]
[Site "Katerini GRE"]
[Date "2014.11.04"]
[Round "11.13"]
[White "Gruzmann, Boris"]
[Black "Reynolds, D Ian W"]
[Result "1/2-1/2"]
[WhiteTitle "FM"]
[WhiteElo "2246"]
[BlackElo "2006"]
[WhiteFideId "4105290"]
[BlackFideId "410705"]
[EventDate "2014.10.24"]

1. e4 e5 2. Nf3 Nc6 3. Bb5 a6 4. Ba4 Nf6 5. O-O Be7 6. Re1 b5 7. Bb3 O-O 8. d4
d6 9. c3 Bg4 10. d5 Na5 11. Bc2 c6 12. h3 Bd7 13. Nxe5 dxe5 14. d6 h6 15. b3 Nb7
16. dxe7 Qxe7 17. Nd2 Rfd8 18. Qf3 c5 19. Nf1 Bc6 20. Ng3 Nd6 21. Be3 Nd7 22.
Red1 f6 23. Rd2 Nf7 24. Nf5 Qf8 25. Qg4 Kh7 26. Nh4 Nh8 27. Qe6 Rac8 28. Rd6 Nb8
29. Bxc5 Bd7 30. Qd5 Be6 31. Qd3 Nf7 32. Rxd8 Qxd8 33. Qe3 Qc7 34. b4 Nd7 35.
Bb3 Nxc5 36. bxc5 Ng5 37. Nf3 Nxf3+ 38. Qxf3 Bc4 39. Bxc4 bxc4 40. Rd1 Qxc5 41.
Rd7 Qc6 42. Qg4 Rg8 43. Rf7 Kh8 44. Qg6 Qd6 45. g3 Qd2 46. Kg2 Qxc3 47. Rxf6 Qd2
48. Rd6 Qc1 49. Rd7 c3 50. Rc7 Qd2 51. Qc6 Rf8 52. Qc5 Rf6 53. Qe3 Qxa2 1/2-1/2

[Event "World Senior 65+ 2014"]
[Site "Katerini GRE"]
[Date "2014.11.04"]
[Round "11.14"]
[White "Vogel, Jaap"]
[Black "Archangelsky, Mikhail"]
[Result "1/2-1/2"]
[WhiteTitle "FM"]
[BlackTitle "IM"]
[WhiteElo "2239"]
[BlackElo "2149"]
[WhiteFideId "1000764"]
[BlackFideId "4117573"]
[EventDate "2014.10.24"]

1. d4 d5 2. Nf3 Nf6 3. c4 c6 4. e3 Bf5 5. Nc3 e6 6. Nh4 Bg6 7. Qb3 Qb6 8. Nxg6
hxg6 9. Bd2 Nbd7 10. Be2 Rd8 11. c5 Qc7 12. f4 Nh5 13. O-O-O f5 14. g4 Nhf6 15.
Rdg1 b6 16. cxb6 Qxb6 17. Qxb6 1/2-1/2

[Event "World Senior 65+ 2014"]
[Site "Katerini GRE"]
[Date "2014.11.04"]
[Round "11.16"]
[White "Doubleday, William G."]
[Black "Bibilashvili, Giorgi"]
[Result "1/2-1/2"]
[WhiteElo "2057"]
[BlackElo "2169"]
[WhiteFideId "2682419"]
[BlackFideId "13601873"]
[EventDate "2014.10.24"]

1. d4 Nf6 2. c4 e6 3. Nc3 Bb4 4. e3 O-O 5. Ne2 b6 6. a3 Bxc3+ 7. Nxc3 Bb7 8. Bd3
d5 9. O-O Nbd7 10. b4 c5 11. dxc5 dxc4 12. Bxc4 bxc5 13. Bb2 1/2-1/2

[Event "World Senior 65+ 2014"]
[Site "Katerini GRE"]
[Date "2014.11.04"]
[Round "11.17"]
[White "Titz, Heimo"]
[Black "Robinson, John K"]
[Result "1-0"]
[WhiteTitle "FM"]
[WhiteElo "2158"]
[BlackElo "1983"]
[WhiteFideId "1601520"]
[BlackFideId "406490"]
[EventDate "2014.10.24"]

1. c4 Nf6 2. Nc3 g6 3. e4 d6 4. d4 Bg7 5. Nf3 O-O 6. Be2 e5 7. d5 a5 8. Bg5 h6
9. Bh4 Nbd7 10. Nd2 Nc5 11. O-O g5 12. Bg3 Nh7 13. Nb3 f5 14. Nxc5 dxc5 15. exf5
Bxf5 16. Bd3 Qd7 17. Re1 Rae8 18. Qc2 b6 19. Re2 Bxd3 20. Qxd3 Qf5 21. Qxf5 Rxf5
22. Rae1 Nf8 23. f3 Ng6 24. Re4 Bf8 25. a4 Bd6 26. h4 Nf4 27. hxg5 hxg5 28. Bxf4
gxf4 29. Kf2 Ref8 30. Rh1 Kg7 31. Ree1 Rh8 32. Rxh8 Kxh8 33. Rh1+ Kg7 34. Ke2
Rg5 35. Rh2 Rg6 36. Kd3 Rh6 37. Rxh6 Kxh6 38. Ke4 Kg5 39. Ne2 Kg6 40. g3 fxg3
41. Nxg3 Bf8 42. Nf5 Bd6 43. Ne3 Kf6 44. Ng4+ Kg6 45. Nxe5+ Kf6 46. Ng4+ Kg5 47.
Ne3 Bh2 48. Nd1 Bg3 49. Nc3 Bh2 50. Nb5 Bg3 51. b3 Bh2 52. d6 cxd6 53. Kd5 Bf4
54. Nxd6 1-0

[Event "World Senior 65+ 2014"]
[Site "Katerini GRE"]
[Date "2014.11.04"]
[Round "11.18"]
[White "Meizlin, Yaacov"]
[Black "Khazankin, Moisei"]
[Result "1-0"]
[WhiteElo "2105"]
[BlackElo "2039"]
[WhiteFideId "2812185"]
[BlackFideId "14115271"]
[EventDate "2014.10.24"]

1. c4 c5 2. g3 Nc6 3. Bg2 g6 4. Nc3 Bg7 5. d3 e5 6. e4 Nge7 7. Be3 d6 8. Qd2 h6
9. Nge2 Be6 10. Nd5 Nd4 11. O-O Nxe2+ 12. Qxe2 Nc6 13. f4 exf4 14. gxf4 Nd4 15.
Qd2 O-O 16. f5 Bxd5 17. cxd5 g5 18. Rab1 Be5 19. b4 b6 20. Bf3 Kg7 21. Bh5 Qf6
22. bxc5 dxc5 23. Kh1 Rg8 24. Rg1 Kh7 25. Rg2 Rg7 26. Qd1 Rag8 27. Rg4 Qd6 28.
Bxd4 Bxd4 29. Qa4 a5 30. Qc2 Rb8 31. a4 Bf6 32. Qc4 Rbg8 33. Qb3 Bd8 34. Qb2 Re8
35. Rg2 Re5 36. Rf2 f6 37. Bg6+ Rxg6 38. fxg6+ Kxg6 39. Rbf1 c4 40. Rf5 Re8 41.
dxc4 Rxe4 42. Qc2 Qe7 43. Rxf6+ Kh5 44. Qd1+ Rg4 45. Re6 Qh7 46. h3 1-0

[Event "World Senior 65+ 2014"]
[Site "Katerini GRE"]
[Date "2014.11.04"]
[Round "11.19"]
[White "Morriss, Pete"]
[Black "Gromark, Per-Olof"]
[Result "1-0"]
[WhiteElo "2032"]
[BlackElo "2050"]
[WhiteFideId "2500230"]
[BlackFideId "1722433"]
[EventDate "2014.10.24"]

1. b4 e5 2. Bb2 Bxb4 3. Bxe5 Nf6 4. a3 Ba5 5. c4 O-O 6. e3 Re8 7. Nf3 d5 8. cxd5
Nxd5 9. Be2 c5 10. Qc2 Nc6 11. Bb2 Qd6 12. Nc3 Be6 13. Ne4 Qd8 14. Nxc5 Qe7 15.
O-O Rac8 16. Nxe6 Nd4 17. Qd3 Nxe2+ 18. Qxe2 Qxe6 19. Nd4 Qg6 20. Qf3 Nb6 21.
Rac1 Nc4 22. Nf5 Rc7 23. Bc3 Bxc3 24. Rxc3 Ne5 25. Qd5 Nc6 26. Nd4 Rcc8 27. Rfc1
Ne7 28. Rxc8 Rxc8 29. Rxc8+ Nxc8 30. Qd8# 1-0